[Event "62nd ch-RUS HL w"]
[Site "Tyumen RUS"]
[Date "2012.06.21"]
[Round "6"]
[White "Zaiatz,E"]
[Black "Sazonova,A"]
[Result "1-0"]
[WhiteElo "2446"]
[BlackElo "1963"]
[EventDate "2012.06.16"]

1. d4 Nf6 2. c4 g6 3. Nc3 Bg7 4. e4 d6 5. Be2 O-O 6. Bg5 a6 7. Qd2 c5 8. d5
b5 9. f3 Qa5 10. cxb5 axb5 11. Nxb5 Qb6 12. a4 Ba6 13. Rc1 Bxb5 14. Bxb5
Na6 15. b3 Nc7 16. Bc4 Rfe8 17. Bxf6 Bxf6 18. Ne2 Qa5 19. Qxa5 Rxa5 20. Kf2
Rb8 21. Rc2 Kf8 22. Rd1 Na8 23. Nc1 Ra7 24. f4 Nc7 25. Kf3 Na6 26. Re2 Bc3
27. e5 Ba5 28. Nd3 Nc7 29. Nf2 Rd8 30. Ne4 h6 31. g4 Na8 32. Bb5 Nc7 33.
Bc6 Ra6 34. exd6 exd6 35. Rd3 Rb6 36. Nf6 Kg7 37. g5 hxg5 38. fxg5 Rh8 39.
Kg2 Rb4 40. Rf3 Rd4 41. Ref2 Be1 42. Ne8+ Rxe8 43. Rxf7+ Kg8 44. Bxe8 Bxf2
45. Rxc7 Be1 46. Bb5 Bb4 47. Rd7 Rg4+ 48. Kf3 Rxg5 49. Rxd6 Kg7 50. Bc4 Rh5
51. Ra6 Rxh2 52. a5 Ra2 53. Ra7+ Kf6 54. a6 1-0

[Event "62nd ch-RUS HL w"]
[Site "Tyumen RUS"]
[Date "2012.06.21"]
[Round "6"]
[White "Sukhareva,E"]
[Black "Cheremnova,T"]
[Result "1-0"]
[WhiteElo "2236"]
[BlackElo "2245"]
[EventDate "2012.06.16"]

1. d4 d5 2. Nf3 e6 3. c4 c6 4. Qc2 Bd6 5. Bg5 Nf6 6. e3 Nbd7 7. Nc3 h6 8.
Bh4 O-O 9. Rd1 Qa5 10. Be2 Ne4 11. O-O f5 12. Nxe4 fxe4 13. Nd2 Nf6 14. f3
Qc7 15. fxe4 Bxh2+ 16. Kh1 Bg3 17. Bxg3 Qxg3 18. e5 Ng4 19. Rxf8+ Kxf8 20.
Bxg4 Qxg4 21. Rf1+ Kg8 22. Qd1 Qxd1 23. Rxd1 Kf7 24. Rc1 Ke7 25. e4 Bd7 26.
Kg1 b6 27. Kf2 dxe4 28. Nxe4 c5 29. d5 Rf8+ 30. Ke3 Rf5 31. g4 Rf8 32. d6+
Ke8 33. Ng3 Bc6 34. Rf1 Rh8 35. Nh5 Rg8 36. Nf4 Bd7 37. Ng6 a6 38. b3 a5
39. Rf2 a4 40. Rf1 Kd8 41. Ne7 Rh8 42. bxa4 Bxa4 43. Rb1 Rf8 44. Ng6 Rf7
45. Rxb6 Rf1 46. Rb8+ Kd7 47. Nf8+ Kc6 48. d7 1-0

[Event "62nd ch-RUS HL w"]
[Site "Tyumen RUS"]
[Date "2012.06.21"]
[Round "6"]
[White "Kabanova,E"]
[Black "Gubernatorova,L"]
[Result "1-0"]
[WhiteElo "2164"]
[BlackElo "2243"]
[EventDate "2012.06.16"]

1. e4 e6 2. d3 d5 3. Nd2 Nf6 4. Ngf3 c5 5. g3 Nc6 6. Bg2 Be7 7. O-O b5 8.
e5 Nd7 9. Re1 a5 10. Nf1 a4 11. h4 a3 12. b3 O-O 13. Qe2 b4 14. Bf4 Ba6 15.
Rac1 Rc8 16. N1h2 c4 17. dxc4 dxc4 18. Ng5 h6 19. Qh5 Qe8 20. Rcd1 Nc5 21.
Qg4 cxb3 22. cxb3 Bd3 23. Ne4 Bxe4 24. Bxe4 h5 25. Qxh5 Nxe4 26. Rxe4 f5
27. Qxe8 Rfxe8 28. Rc4 Na5 29. Rcd4 Rc2 30. R4d2 Rec8 31. Be3 Rb2 32. Rxb2
axb2 33. Rb1 Rc2 34. Kg2 Nc6 35. Nf3 Bc5 36. Ne1 Rc3 37. Bxc5 Rxc5 38. Rxb2
Rxe5 39. Nf3 Rc5 40. Ng5 e5 41. Rd2 Rc1 42. h5 Kf8 43. Rd7 Nd4 44. Rd5 Nc6
45. Rd7 Nd4 46. Nf3 Nxf3 47. Kxf3 Rc3+ 48. Kg2 f4 49. gxf4 exf4 50. Rb7 f3+
51. Kg3 Rc2 52. Ra7 Rc5 53. Rb7 Rc2 54. Rxb4 Rxa2 55. Kxf3 Kf7 56. Rb6 Ra1
57. h6 gxh6 58. Rxh6 Rb1 59. Rb6 Rb2 60. Ke3 Ke7 61. f3 Kd7 62. Ke4 Kc7 63.
Rb4 Rh2 64. Kf5 Rh5+ 65. Kg4 Rh8 66. f4 Rg8+ 67. Kf5 Rf8+ 68. Ke6 Rh8 69.
f5 Rh3 70. f6 Re3+ 71. Kf7 Kd7 72. Rd4+ Kc7 73. b4 Re1 74. b5 Rb1 75. Rd5
Re1 76. Kf8 Ra1 77. f7 1-0

[Event "62nd ch-RUS HL w"]
[Site "Tyumen RUS"]
[Date "2012.06.21"]
[Round "6"]
[White "Dotdaeva,A"]
[Black "Korchenkova,I"]
[Result "1/2-1/2"]
[WhiteElo "2139"]
[BlackElo "2088"]
[EventDate "2012.06.16"]

1. e4 c5 2. Nf3 e6 3. c3 d5 4. exd5 Qxd5 5. d4 Nf6 6. Be2 Nc6 7. O-O Be7 8.
c4 Qd6 9. dxc5 Qxd1 10. Rxd1 Bxc5 11. Nc3 b6 12. a3 Bb7 13. b4 Be7 14. Bb2
O-O 15. Rac1 Rad8 16. Na4 Rxd1+ 17. Rxd1 Rd8 18. Rxd8+ Bxd8 19. Nd2 Ne7 20.
Bf3 Bxf3 21. Nxf3 Ne4 22. Kf1 f6 23. Ke2 Kf7 24. Ke3 Nd6 25. c5 Nc4+ 26.
Kd3 b5 27. Bc1 Nd5 28. Nc3 Nxc3 29. Kxc3 e5 30. a4 a6 31. axb5 axb5 32. Ng1
Ke6 33. Ne2 Kd5 34. Kb3 f5 35. Nc3+ Kc6 36. f3 Bf6 37. Kc2 g6 38. Kd3 Bh4
39. g3 Bf6 40. h3 h5 41. g4 hxg4 42. hxg4 e4+ 43. fxe4 Ne5+ 44. Kc2 Nxg4
45. exf5 gxf5 46. Bf4 Bxc3 47. Kxc3 Kd5 48. Kd3 Nf2+ 49. Ke2 Ne4 50. Kf3
Nf6 51. Bh2 1/2-1/2

[Event "62nd ch-RUS HL w"]
[Site "Tyumen RUS"]
[Date "2012.06.21"]
[Round "6"]
[White "Rassokhina,E"]
[Black "Likhovid,E"]
[Result "1-0"]
[WhiteElo "2080"]
[BlackElo "2030"]
[EventDate "2012.06.16"]

1. d4 d6 2. c4 e5 3. Nc3 exd4 4. Qxd4 Nc6 5. Qd2 Nf6 6. e4 g6 7. g3 Bg7 8.
Bg2 O-O 9. f4 Re8 10. Nge2 Bg4 11. h3 Bxe2 12. Qxe2 Nd7 13. O-O Nd4 14. Qf2
Nb6 15. b3 Nxb3 16. axb3 Bxc3 17. Bb2 Bxb2 18. Qxb2 f6 19. Rad1 Qe7 20.
Rfe1 Nd7 21. b4 a5 22. e5 fxe5 23. Bxb7 Ra7 24. Bd5+ Kg7 25. Qf2 Nb6 26.
Bc6 Rf8 27. c5 Nc8 28. Rxe5 dxe5 29. Rd7 axb4 30. Qb2 Kh6 31. Rxe7 Nxe7 32.
Be4 exf4 33. g4 Ra3 34. Qxb4 Rfa8 35. Bxa8 Rxa8 36. Qxf4+ Kg7 37. Qxc7 Kf8
38. Qe5 Rc8 39. Kg2 Rc6 40. Kg3 Kf7 41. h4 h6 42. Qf4+ Kg7 43. Qe5+ Kf7 44.
Qe3 h5 45. Qf4+ Rf6 46. Qc4+ Kg7 47. g5 Rc6 48. Kf4 Kf8 49. Ke4 Ke8 50. Qd4
Nf5 51. Qe5+ Ne7 52. Kd4 Kd7 53. Kc4 Re6 54. Qd4+ Kc7 55. Qf4+ Kc6 56. Qf3+
Kc7 57. Qf7 Kd7 58. Kb5 Re1 59. c6+ Kd6 60. Qf6+ Re6 61. Qd4+ Nd5 62. Qc5+
Ke5 63. c7 1-0

[Event "62nd ch-RUS HL w"]
[Site "Tyumen RUS"]
[Date "2012.06.21"]
[Round "6"]
[White "Korchagina,V"]
[Black "Adamova,T"]
[Result "1-0"]
[WhiteElo "2098"]
[BlackElo "1914"]
[EventDate "2012.06.16"]

1. e4 c5 2. Nf3 e6 3. d4 cxd4 4. Nxd4 a6 5. Nc3 Qc7 6. Be2 Nf6 7. O-O Be7
8. f4 Nc6 9. Nxc6 bxc6 10. e5 Nd5 11. Nxd5 cxd5 12. Bd3 d6 13. Qe2 g6 14.
Kh1 O-O 15. a4 Re8 16. a5 Bf8 17. Be3 Bb7 18. Bb6 Qb8 19. b4 dxe5 20. fxe5
Bg7 21. Qf3 Re7 22. Bc5 Rd7 23. Bd6 Qc8 24. b5 axb5 25. Bxb5 Bc6 26. c4
Bxb5 27. cxb5 Qb7 28. Qd3 Rxd6 29. exd6 Bxa1 30. Rxa1 Qb8 31. Qb3 Qxd6 32.
b6 Qe5 33. Rb1 Qb8 34. b7 Ra7 35. Qb6 Kg7 36. Qxa7 Qxa7 37. b8=Q Qxa5 38.
Qe5+ Kh6 39. Rf1 Qa7 40. Qf6 d4 41. Qxf7 Qxf7 42. Rxf7 Kg5 43. Kg1 e5 44.
Kf2 e4 45. Rd7 d3 46. Ke3 Kf5 47. Rd5+ 1-0

[Event "62nd ch-RUS HL w"]
[Site "Tyumen RUS"]
[Date "2012.06.23"]
[Round "7"]
[White "Timofeeva,Ekaterina"]
[Black "Kovanova,B"]
[Result "0-1"]
[WhiteElo "2273"]
[BlackElo "2391"]
[EventDate "2012.06.16"]

1. Nf3 c5 2. c4 Nc6 3. Nc3 Nf6 4. e3 e6 5. d4 d5 6. Bd3 dxc4 7. Bxc4 Be7 8.
O-O O-O 9. a3 a6 10. Bd3 Qc7 11. Qc2 c4 12. Be2 b5 13. e4 e5 14. dxe5 Nxe5
15. a4 b4 16. Nd5 Nxd5 17. exd5 Nxf3+ 18. Bxf3 Bd6 19. h3 Bd7 20. Bd2 Rac8
21. Rfc1 Rfe8 22. Qd1 Qc5 23. Qf1 Qd4 24. Be3 Qxb2 25. Be2 Qe5 26. g3 b3
27. Rxc4 Rxc4 28. Bxc4 Bxh3 29. Qd1 Bg4 30. Qxg4 Qxa1+ 31. Kg2 Qe5 32. Bxb3
h5 33. Qf3 h4 34. gxh4 Qh2+ 35. Kf1 Qxh4 36. Qf5 Qe4 37. Qd7 Rb8 38. Ba2
Rb2 39. Kg1 Qg6+ 40. Kf1 Rxa2 0-1

[Event "62nd ch-RUS HL w"]
[Site "Tyumen RUS"]
[Date "2012.06.23"]
[Round "7"]
[White "Pogonina,N"]
[Black "Ubiennykh,E"]
[Result "1/2-1/2"]
[WhiteElo "2447"]
[BlackElo "2336"]
[EventDate "2012.06.16"]

1. e4 c6 2. d4 d5 3. e5 Bf5 4. Nf3 e6 5. Be2 Nd7 6. O-O h6 7. b3 Ne7 8. c4
Ng6 9. Be3 Bb4 10. a3 Ba5 11. cxd5 cxd5 12. b4 Bc7 13. Ne1 Nh4 14. Nd2 Bh7
15. Nd3 O-O 16. Nb3 Nb6 17. Na5 Nc4 18. Nxc4 dxc4 19. Nf4 b5 20. g3 Nf5 21.
Bf3 Bb6 22. Ne2 Rc8 23. Rc1 f6 24. exf6 Qxf6 25. Be4 Ne7 26. Bxh7+ Kxh7 27.
Nc3 Nf5 28. Qc2 Kh8 29. Ne4 Qe7 30. Nc5 Rcd8 31. Qe4 Rd6 32. Rfe1 Bxc5 33.
dxc5 Rd3 34. a4 a6 35. axb5 axb5 36. Rcd1 Rfd8 37. Rxd3 Rxd3 38. Ra1 Nxe3
39. Ra8+ Rd8 40. Rxd8+ Qxd8 41. Qxe3 Qd1+ 42. Kg2 Qd5+ 43. Kf1 Qd1+ 44. Kg2
Qd5+ 1/2-1/2

[Event "62nd ch-RUS HL w"]
[Site "Tyumen RUS"]
[Date "2012.06.23"]
[Round "7"]
[White "Girya,O"]
[Black "Vasilevich,I"]
[Result "1-0"]
[WhiteElo "2414"]
[BlackElo "2375"]
[EventDate "2012.06.16"]

1. d4 Nf6 2. c4 Nc6 3. Nc3 e5 4. d5 Ne7 5. h4 h5 6. Bg5 Ng6 7. e3 Bb4 8.
Nge2 Nf8 9. Ng3 N8h7 10. Nxh5 Nxg5 11. hxg5 Nxh5 12. Rxh5 Bxc3+ 13. bxc3
Rxh5 14. Qxh5 Qe7 15. g6 fxg6 16. Qxg6+ Qf7 17. Bd3 Qxg6 18. Bxg6+ Ke7 19.
Ke2 b6 20. Rh1 Ba6 21. Bd3 e4 22. Bxe4 Bxc4+ 23. Kf3 Kd6 24. a3 Re8 25. Rd1
Kc5 26. Rd4 Rh8 27. Bf5 Rf8 28. Kg4 g6 29. Bxg6 Rxf2 30. Be4 Ra2 31. Kf4
Rxa3 32. g4 Ra1 33. g5 a5 34. g6 a4 35. Rd2 Rg1 36. Bg2 a3 37. g7 a2 38.
Rxa2 Bxd5 39. Rd2 Bg8 40. Kg3 d6 41. Kf2 Rc1 42. Bd5 Bh7 43. c4 b5 44. cxb5
Kxb5 45. g8=Q Bxg8 46. Bxg8 Kc6 47. Kf3 Kd7 48. Rg2 Rc5 49. Rg7+ Kc6 50.
Ke4 Rc1 51. Bd5+ Kb6 52. Rd7 Rd1 53. Rd8 Rc1 54. Kf5 Kc5 55. Ke6 Rg1 56. e4
Rh1 57. Rb8 Rh6+ 58. Kf5 Kd4 59. Rb1 Rh7 60. Rd1+ Ke3 61. Rc1 Kd4 62. Ke6
Rg7 63. Rf1 Kc5 64. Rf7 Rxf7 65. Kxf7 c6 66. Ke6 1-0

[Event "62nd ch-RUS HL w"]
[Site "Tyumen RUS"]
[Date "2012.06.23"]
[Round "7"]
[White "Ovod,E"]
[Black "Severiukhina,Z"]
[Result "1-0"]
[WhiteElo "2410"]
[BlackElo "2337"]
[EventDate "2012.06.16"]

1. d4 g6 2. c4 Nf6 3. Nc3 Bg7 4. e4 d6 5. h3 O-O 6. Nf3 e5 7. d5 a5 8. g4
Na6 9. Be3 Nd7 10. h4 Ndc5 11. Nd2 Nb4 12. Bxc5 dxc5 13. a3 Na6 14. g5 f6
15. Rg1 fxg5 16. hxg5 Qe8 17. Qe2 Qf7 18. f3 Bd7 19. Qh2 Qf4 20. Rg3 Qe3+
21. Ne2 b5 22. Bh3 Bxh3 23. Qxh3 b4 24. f4 Qxg3+ 25. Qxg3 exf4 26. Qb3 a4
27. Qc2 f3 28. Ng3 bxa3 29. Rxa3 Nb4 30. Qb1 Rab8 31. Kd1 f2 32. Ngf1 Ra8
33. Ke2 c6 34. b3 cxd5 35. cxd5 Rae8 36. bxa4 Kh8 37. Rf3 Nxd5 38. Rxf8+
Bxf8 39. Kxf2 Nc3 40. Qb7 Bg7 41. a5 Rf8+ 42. Kg2 1-0

[Event "62nd ch-RUS HL w"]
[Site "Tyumen RUS"]
[Date "2012.06.23"]
[Round "7"]
[White "Bodnaruk,A"]
[Black "Pustovoitova,D"]
[Result "1-0"]
[WhiteElo "2394"]
[BlackElo "2307"]
[EventDate "2012.06.16"]

1. e4 c6 2. d4 d5 3. e5 Bf5 4. Nf3 e6 5. Be2 c5 6. Be3 Qb6 7. c4 Qxb2 8.
Nbd2 Nc6 9. cxd5 exd5 10. dxc5 d4 11. Nc4 Qb4+ 12. Bd2 Qxc5 13. Qb3 d3 14.
Bxd3 Bxd3 15. Qxd3 Rd8 16. Qe2 b5 17. Nd6+ Bxd6 18. exd6+ Kf8 19. Rc1 Qd5
20. O-O Rxd6 21. Rxc6 Qxc6 22. Bb4 Ne7 23. Bxd6 Qxd6 24. Rd1 Qc7 25. Qe5
Qb6 26. Rd7 Ng6 27. Qd5 Qe6 28. Qc5+ 1-0

[Event "62nd ch-RUS HL w"]
[Site "Tyumen RUS"]
[Date "2012.06.23"]
[Round "7"]
[White "Iljushina,O"]
[Black "Shadrina,T"]
[Result "0-1"]
[WhiteElo "2354"]
[BlackElo "2359"]
[EventDate "2012.06.16"]

1. d4 Nf6 2. Nf3 d5 3. c4 e6 4. Nc3 Nbd7 5. cxd5 exd5 6. Bg5 Be7 7. e3 c6
8. Bd3 O-O 9. Qc2 Re8 10. h3 Nf8 11. O-O Be6 12. Ne5 N6d7 13. Bxe7 Rxe7 14.
Nf3 Re8 15. b4 Rc8 16. a4 Qf6 17. Nd2 h6 18. Rae1 a6 19. a5 Qe7 20. Qb2 Nf6
21. Na4 Rcd8 22. Nc5 Bc8 23. f4 Ne6 24. Nf3 Nc7 25. Ne5 Nb5 26. Qf2 Nd6 27.
Qc2 Nfe4 28. Bxe4 Nxe4 29. Nxe4 dxe4 30. Qc5 Qh4 31. Kh2 Rd5 32. Qc2 Qe7
33. Rb1 Rb5 34. Qc3 f6 35. Nc4 Kh8 36. Nb6 Qe6 37. Qc4 Qd6 38. Qf7 Rf8 39.
Nc4 Qd8 40. Qg6 Qe7 41. Nb6 Bf5 42. Qh5 Bh7 43. f5 Rxb4 44. Rxb4 Qxb4 45.
Rf4 Qxa5 46. Nd7 Ra8 47. Nc5 Qc7 48. Ne6 Qe7 49. Rxe4 Bg8 50. Nc5 Qc7+ 51.
Kg1 Bf7 52. Qg4 Bd5 53. Rf4 b6 54. Nd3 Bc4 55. Nb2 Bf7 56. Qf3 Qd6 57. Na4
b5 58. Nc5 a5 59. Qe2 a4 60. Rf1 Bc4 61. Nd3 a3 62. Ra1 c5 63. Qf3 Ra7 64.
Nxc5 b4 65. Qd1 a2 66. Qc2 Bf7 67. Nb3 Qd5 68. Qc8+ Kh7 69. Nc5 b3 70. Qb8
Re7 71. Ne6 Bxe6 72. fxe6 Qxe6 73. Kh2 Qxe3 74. Rd1 Qc3 75. Qd6 Re2 76. Qa6
Rxg2+ 77. Kxg2 Qc2+ 78. Kg3 Qxd1 79. Qb5 Qc2 0-1

[Event "62nd ch-RUS HL w"]
[Site "Tyumen RUS"]
[Date "2012.06.23"]
[Round "7"]
[White "Ivakhinova,I"]
[Black "Sukhareva,E"]
[Result "0-1"]
[WhiteElo "2306"]
[BlackElo "2236"]
[EventDate "2012.06.16"]

1. d4 d5 2. c4 e6 3. Nf3 c6 4. Qc2 Nf6 5. Nbd2 Nbd7 6. g3 Be7 7. Bg2 O-O 8.
O-O b6 9. e4 dxe4 10. Nxe4 Nxe4 11. Qxe4 Bb7 12. Rd1 Re8 13. Bf4 Qc8 14.
Ne5 Nxe5 15. Bxe5 Rd8 16. Rac1 Qd7 17. Qf3 Qe8 18. a3 Rd7 19. c5 Qd8 20. b4
b5 21. Qg4 Bf8 22. Rd3 Qe8 23. h4 Kh8 24. Qe2 Qd8 25. Rcd1 Rc8 26. Be4 Kg8
27. Kg2 a5 28. h5 axb4 29. axb4 Ra8 30. Qf3 Qc8 31. R3d2 f6 32. Bf4 Rd8 33.
Bc2 Qd7 34. Qd3 f5 35. Re1 Qf7 36. g4 Bc8 37. h6 Qg6 38. f3 gxh6 39. Kf1
fxg4 40. Qe3 Qg7 41. fxg4 Ra7 42. Kg1 Rf7 43. Ree2 Qh8 44. Be5 Bg7 45. Bd6
Bf6 46. Qxh6 Bxd4+ 47. Kg2 Qf6 48. Qxf6 Bxf6 49. Be4 Bd7 50. Rd3 Rg7 51.
Kf3 Ra8 52. Bg3 Ra4 53. Red2 Be8 54. Rd6 Rxb4 55. Rxe6 Kf7 56. Bf5 h5 57.
Rde2 hxg4+ 58. Kg2 Bd7 59. Rxf6+ Kxf6 60. Be5+ Kxf5 61. Bxg7 Re4 62. Rf2+
Rf4 63. Re2 Re4 64. Rf2+ Kg6 65. Bf8 Be6 66. Rd2 Kf5 67. Kf2 Bd5 68. Bd6 b4
69. Rb2 b3 70. Rd2 Rc4 71. Ke3 Rc3+ 72. Ke2 g3 73. Rb2 g2 0-1

[Event "62nd ch-RUS HL w"]
[Site "Tyumen RUS"]
[Date "2012.06.23"]
[Round "7"]
[White "Butuc,M"]
[Black "Zaiatz,E"]
[Result "0-1"]
[WhiteElo "2201"]
[BlackElo "2446"]
[EventDate "2012.06.16"]

1. Nf3 d5 2. d4 Nf6 3. c4 e6 4. e3 a6 5. b3 c5 6. Bd3 Nc6 7. Bb2 cxd4 8.
exd4 g6 9. O-O Bg7 10. Nbd2 O-O 11. Qe2 Nh5 12. Qe3 dxc4 13. bxc4 b5 14.
Ne5 Ne7 15. Ba3 Bb7 16. Be4 Bxe4 17. Bxe7 Qxe7 18. Nxe4 bxc4 19. Nxc4 Nf6
20. Nxf6+ Bxf6 21. Ne5 Rac8 22. Qe2 Qd6 23. Rfd1 Rc7 24. Rab1 Rfc8 25. Rb2
Rc1 26. Rbd2 Qd5 27. h3 h5 28. f4 Kg7 29. Kh2 a5 30. Rxc1 Rxc1 31. Qd3 Be7
32. Rb2 Bb4 33. Re2 Rc3 34. Qd1 Bd6 35. Qa4 Bxe5 36. Rxe5 Rc4 37. Qxa5 Qxd4
38. Qe1 Qxf4+ 39. Qg3 Qxg3+ 40. Kxg3 Rc3+ 41. Kh2 Rc2 42. Ra5 h4 43. Ra8
Kf6 44. a4 Ra2 45. a5 Kf5 46. a6 g5 47. Ra7 f6 48. Ra8 e5 49. a7 e4 50. Kg1
Kf4 51. Rf8 Rxa7 52. Rxf6+ Kg3 53. Kf1 Ra1+ 54. Ke2 Ra2+ 55. Ke3 Rxg2 56.
Rg6 Kxh3 57. Kxe4 g4 0-1

[Event "62nd ch-RUS HL w"]
[Site "Tyumen RUS"]
[Date "2012.06.23"]
[Round "7"]
[White "Romanko,M"]
[Black "Kovalevskaya,E"]
[Result "0-1"]
[WhiteElo "2420"]
[BlackElo "2417"]
[EventDate "2012.06.16"]

1. d4 Nf6 2. c4 c5 3. d5 b5 4. cxb5 a6 5. b6 d6 6. Nc3 Nbd7 7. e4 g6 8. Nf3
Rb8 9. Nd2 Nxb6 10. a4 Bg7 11. a5 Na8 12. Nc4 O-O 13. Be2 Nd7 14. h4 Nc7
15. h5 Nb5 16. Qd3 Nd4 17. Bd1 Rb4 18. f4 Nf6 19. Bd2 Bg4 20. h6 Bh8 21. f5
Bxd1 22. Rxd1 Ng4 23. Ne2 Rb3 24. Bc3 Qd7 25. Nc1 Rbb8 26. O-O Qb5 27. Qh3
Qxc4 28. Qxg4 Bf6 29. Nd3 Kh8 30. fxg6 fxg6 31. Kh1 Qb5 32. Nf4 Be5 33.
Bxd4 cxd4 34. Rf3 Rf6 35. Rc1 Qe8 36. Ne6 Qf7 37. Nxd4 Bxd4 0-1

[Event "62nd ch-RUS HL w"]
[Site "Tyumen RUS"]
[Date "2012.06.23"]
[Round "7"]
[White "Drozdova,D"]
[Black "Kabanova,E"]
[Result "1-0"]
[WhiteElo "2256"]
[BlackElo "2164"]
[EventDate "2012.06.16"]

1. d4 Nf6 2. c4 b6 3. Nc3 Bb7 4. f3 Nc6 5. e3 e5 6. d5 Ne7 7. Bd3 Ng6 8.
Nge2 Bb4 9. O-O Bxc3 10. Nxc3 d6 11. a3 a5 12. Bd2 O-O 13. b4 axb4 14. axb4
Qe7 15. Qc2 Rfb8 16. Rfc1 Qd8 17. Be1 Ne8 18. Bf2 Rxa1 19. Rxa1 Ra8 20. Qb2
Ne7 21. Bh4 f6 22. Rd1 Qb8 23. Qc2 g6 24. Bf2 Qa7 25. h4 Qa3 26. Rb1 Kg7
27. g4 Bc8 28. h5 Bd7 29. Kg2 Kf7 30. hxg6+ hxg6 31. Be1 Ng7 32. Rb2 Qa1
33. Qf2 Qa7 34. Ra2 Qb8 35. Rxa8 Qxa8 36. Qh4 Qa1 37. Ne4 g5 38. Qf2 Qd1
39. Bc2 Qc1 40. Qd2 Qxd2+ 41. Bxd2 b5 42. c5 Nxd5 43. cxd6 c6 44. Nc5 Ke8
45. Bg6+ Kd8 46. Kg3 Ne6 47. Bf7 Nf8 48. f4 gxf4+ 49. exf4 exf4+ 50. Bxf4
Nxb4 51. Bh6 Nh7 52. Bg8 Ng5 53. Bg7 f5 54. Bf6+ Kc8 55. Bxg5 fxg4 56. Bb3
Bf5 57. Kf4 Bd7 58. Bh4 Nd5+ 59. Bxd5 cxd5 60. Ke5 Bc6 61. Kd4 b4 62. Be1
Kd8 63. Bg3 Kc8 64. Nd3 b3 65. Kc3 Ba4 66. Kb4 b2 67. Nxb2 Bc2 68. Kc3 Be4
69. Kd4 Kd7 70. Na4 Kc6 71. Ke5 Bg6 72. Kf6 Be8 73. Ke7 Bd7 74. Nb6 Bf5 75.
Kf6 1-0

[Event "62nd ch-RUS HL w"]
[Site "Tyumen RUS"]
[Date "2012.06.23"]
[Round "7"]
[White "Dotdaeva,A"]
[Black "Schepetkova,M"]
[Result "0-1"]
[WhiteElo "2139"]
[BlackElo "2181"]
[EventDate "2012.06.16"]

1. e4 c6 2. c4 d5 3. exd5 cxd5 4. cxd5 Nf6 5. Bb5+ Nbd7 6. Nc3 a6 7. Bxd7+
Qxd7 8. Qb3 Qg4 9. g3 b5 10. h3 Qc4 11. Qxc4 bxc4 12. Nge2 Bb7 13. O-O Nxd5
14. Nxd5 Bxd5 15. Nf4 Bc6 16. Re1 g5 17. Nh5 O-O-O 18. b3 Bf3 19. g4 f5 20.
Bb2 Rg8 21. Rac1 fxg4 22. Rxc4+ Kb7 23. hxg4 Rxd2 24. Ba3 e6 25. Bxf8 Rxf8
26. Rb4+ Ka8 27. Rxe6 Bb7 28. Nf6 Rxa2 29. Re8+ Rxe8 30. Nxe8 Ra1+ 31. Kh2
Rh1+ 32. Kg3 Rg1+ 33. Kh3 Rb1 34. Nf6 Ka7 35. Nd7 Bc8 36. Nc5 h5 37. f3
hxg4+ 38. fxg4 Rc1 39. Na4 Re1 40. Nc5 Re3+ 41. Kh2 Re5 42. Na4 Be6 43. Rd4
Bxb3 44. Rd7+ Kb8 45. Nc3 a5 46. Rd6 Kc7 47. Ra6 Kb7 48. Rg6 a4 49. Rf6 a3
50. Rf1 Rc5 51. Ra1 Rxc3 52. Rxa3 Rd3 53. Ra5 Rd5 54. Ra3 Rb5 55. Kg3 Bd1
56. Ra1 Rb3+ 57. Kh2 Bxg4 58. Ra5 Rh3+ 59. Kg2 Rh5 60. Kg3 Bd7 61. Rd5 Kc6
62. Ra5 Rh3+ 63. Kg2 g4 64. Rg5 Kd6 65. Rg8 Be6 66. Rg5 Ke7 67. Rg7+ Kf6
68. Ra7 Bd5+ 69. Kg1 g3 70. Ra6+ Ke5 0-1

[Event "62nd ch-RUS HL w"]
[Site "Tyumen RUS"]
[Date "2012.06.23"]
[Round "7"]
[White "Cheremnova,T"]
[Black "Sazonova,E"]
[Result "1-0"]
[WhiteElo "2245"]
[BlackElo "2159"]
[EventDate "2012.06.16"]

1. d4 Nf6 2. c4 g6 3. Nc3 Bg7 4. e4 d6 5. f3 O-O 6. Nge2 Nc6 7. Be3 a6 8.
Qd2 Rb8 9. Rc1 e6 10. Nd1 Bd7 11. Nf2 Ne8 12. g3 f5 13. Bg2 Nf6 14. O-O Qe7
15. h3 fxe4 16. fxe4 e5 17. d5 Nd8 18. c5 Bb5 19. Rc2 Nf7 20. b4 Ba4 21.
Rc3 Bb5 22. Rfc1 Ne8 23. Nd3 Bd7 24. Nb2 Bf6 25. Nc4 Bg5 26. Kh2 Bxe3 27.
Nxe3 Bb5 28. Qc2 Ng5 29. Ng1 Bd7 30. a3 Qg7 31. Qe2 h5 32. h4 Nf7 33. c6
Bc8 34. cxb7 Bxb7 35. Nf3 Qf6 36. Bh3 Nd8 37. Kg2 Qe7 38. Ng5 Kh8 39. Nf1
Ra8 40. Nd2 a5 41. b5 a4 42. Ndf3 Rf6 43. Qc4 Ra7 44. Rb1 Nf7 45. Ne6 Bc8
46. b6 Rb7 47. Nxc7 Bxh3+ 48. Kxh3 Qd7+ 49. Ne6 g5 50. Nfxg5 Nxg5+ 51. hxg5
Rf2 52. Qc8 Qf7 53. Nd8 Rh2+ 54. Kxh2 Qf2+ 55. Kh3 Rxb6 56. Ne6 Qf7 57. Rc7
1-0

[Event "62nd ch-RUS HL w"]
[Site "Tyumen RUS"]
[Date "2012.06.23"]
[Round "7"]
[White "Korchenkova,I"]
[Black "Rassokhina,E"]
[Result "1-0"]
[WhiteElo "2088"]
[BlackElo "2080"]
[EventDate "2012.06.16"]

1. e4 c5 2. Nf3 Nc6 3. Bb5 g6 4. Bxc6 dxc6 5. d3 Nf6 6. Be3 b6 7. Nc3 Bg7
8. h3 O-O 9. Qd2 Qc7 10. Bf4 Qd8 11. Bh6 Re8 12. Qg5 Bxh6 13. Qxh6 e5 14.
Ng5 Be6 15. h4 Qe7 16. h5 Qf8 17. hxg6 Qxh6 18. gxf7+ Kg7 19. fxe8=N+ Rxe8
20. Nxe6+ Rxe6 21. Rxh6 Kxh6 22. g3 Kg5 23. Ke2 Nh5 24. Ke3 Rf6 25. Rh1 h6
26. Ne2 Kg6 27. Rh3 b5 28. f4 exf4+ 29. Nxf4+ Nxf4 30. gxf4 h5 31. e5 Rf8
32. Ke4 a5 33. Rg3+ Kf7 34. f5 Rd8 35. e6+ Kf6 36. Rg6+ Ke7 37. Rg7+ Kf6
38. Rf7+ Kg5 39. e7 Re8 40. f6 h4 41. Rf8 1-0

[Event "62nd ch-RUS HL w"]
[Site "Tyumen RUS"]
[Date "2012.06.23"]
[Round "7"]
[White "Gubernatorova,L"]
[Black "Manina,K"]
[Result "1-0"]
[WhiteElo "2243"]
[BlackElo "1987"]
[EventDate "2012.06.16"]

1. d4 f5 2. e4 fxe4 3. Nc3 Nf6 4. Bg5 Nc6 5. d5 Ne5 6. Qd4 Nf7 7. h4 c6 8.
O-O-O Qb6 9. Bxf6 gxf6 10. Qxe4 d6 11. f4 f5 12. Qf3 Bd7 13. Bc4 Bg7 14.
Nge2 cxd5 15. Bxd5 e6 16. Bb3 a5 17. a4 Rc8 18. h5 Qb4 19. h6 Bf6 20. g4 b5
21. gxf5 bxa4 22. fxe6 axb3 23. exd7+ Kxd7 24. Qh3+ Kd8 25. Qe6 Bxc3 26.
Nxc3 Qxf4+ 27. Rd2 Rxc3 28. bxc3 b2+ 29. Kxb2 Qxd2 30. Qxf7 Qg5 31. Re1
Qb5+ 32. Kc1 Qg5+ 33. Kd1 Qg4+ 34. Kc1 Qg5+ 35. Kb2 Qb5+ 36. Ka3 Qc5+ 37.
Ka2 Qxc3 38. Re2 Qd4 39. Qe7+ Kc8 40. Qe6+ Kb7 41. Re4 Qb6 42. Re3 a4 43.
Qd7+ Qc7 44. Qxa4 Qc5 45. Re7+ Kb8 46. Qb3+ 1-0

[Event "62nd ch-RUS HL w"]
[Site "Tyumen RUS"]
[Date "2012.06.23"]
[Round "7"]
[White "Sazonova,A"]
[Black "Korchagina,V"]
[Result "1/2-1/2"]
[WhiteElo "1963"]
[BlackElo "2098"]
[EventDate "2012.06.16"]

1. e4 c5 2. Nf3 d6 3. d4 cxd4 4. Nxd4 Nf6 5. Nc3 Nc6 6. Be2 e5 7. Nf3 h6 8.
O-O Be7 9. Re1 O-O 10. h3 Be6 11. Bf1 Nb8 12. a4 a6 13. b3 Nbd7 14. Nd2 d5
15. Nxd5 Nxd5 16. exd5 Bxd5 17. Nc4 Be6 18. Bb2 f6 19. f4 Bc5+ 20. Kh1 b5
21. Nd2 bxa4 22. fxe5 fxe5 23. Bc4 Bxc4 24. Nxc4 axb3 25. Qd5+ Kh8 26. cxb3
Bb4 27. Red1 Nf6 28. Qxe5 Qe8 29. Qxe8 Rfxe8 30. Rf1 Ne4 31. Rf7 Bc3 32.
Bxc3 Nxc3 33. Nd6 Reb8 34. Rb7 Rxb7 35. Nxb7 Rb8 36. Nc5 Rb5 37. Ne6 Rb6
38. Nc5 Rb5 39. Ne6 Rb6 40. Nc5 Rb5 41. Ne6 1/2-1/2

[Event "62nd ch-RUS HL w"]
[Site "Tyumen RUS"]
[Date "2012.06.23"]
[Round "7"]
[White "Adamova,T"]
[Black "Likhovid,E"]
[Result "1-0"]
[WhiteElo "1914"]
[BlackElo "2030"]
[EventDate "2012.06.16"]

1. e4 c5 2. Nf3 d6 3. d4 cxd4 4. Nxd4 Nf6 5. Nc3 a6 6. Be2 e6 7. O-O Be7 8.
f4 Qc7 9. Be3 O-O 10. Kh1 Nbd7 11. Bf3 Rb8 12. a4 Nc5 13. Qe1 d5 14. e5
Nfe4 15. b4 Nd7 16. Nxe4 dxe4 17. Bxe4 Nb6 18. Rf3 f5 19. exf6 Bxf6 20. c3
Nc4 21. Qf2 Nxe3 22. Qxe3 Qf7 23. Bc2 Rd8 24. Bb3 Bxd4 25. cxd4 Qf5 26. Rd1
b5 27. a5 Kh8 28. Rg3 h6 29. Rc1 Bd7 30. Bc2 Qf7 31. Qe4 Qg8 32. Qe5 Rbc8
33. Qe4 Rc4 34. Rd1 Rdc8 35. Bb1 Rc1 36. Qe1 Rxd1 37. Qxd1 Rc4 38. h3 Rxb4
39. Rc3 Rc4 40. Rxc4 bxc4 41. Qc2 Bb5 42. Kg1 g6 43. Qxg6 Qxg6 44. Bxg6 Kg7
45. Bc2 h5 46. g3 Kf6 47. Kf2 c3 48. Ke1 Bc4 49. Kd1 Bf1 50. h4 Bc4 51. Be4
Bb3+ 52. Kc1 Ba4 53. Bd3 Bb3 54. Be2 Kg6 55. Bxa6 Kf5 56. Be2 Ke4 57. Bxh5
Kxd4 58. Bg6 e5 59. fxe5 Kxe5 60. h5 Kf6 61. Be4 Bc4 62. h6 Be2 63. Kc2 Ba6
64. Kxc3 Be2 65. Kb4 1-0

[Event "62nd ch-RUS HL w"]
[Site "Tyumen RUS"]
[Date "2012.06.24"]
[Round "8"]
[White "Kovanova,B"]
[Black "Bodnaruk,A"]
[Result "1/2-1/2"]
[WhiteElo "2391"]
[BlackElo "2394"]
[EventDate "2012.06.16"]

1. e4 c5 2. Nf3 d6 3. d4 cxd4 4. Nxd4 Nf6 5. Nc3 a6 6. Be3 e5 7. Nb3 Be6 8.
Be2 Be7 9. O-O O-O 10. Qd2 Nbd7 11. a4 Rc8 12. a5 Qc7 13. Rfc1 Rfd8 14. Nd5
Bxd5 15. exd5 Nc5 16. Nxc5 dxc5 17. c4 e4 18. b4 cxb4 19. Bb6 Qe5 20. Bxd8
Rxd8 21. Qe3 Bd6 22. g3 Nd7 23. Rab1 Bc5 24. Qf4 Qxf4 25. gxf4 e3 26. Rd1
exf2+ 27. Kf1 Nf6 28. Bf3 Rd6 29. Rd2 Nd7 30. Rxf2 Bxf2 31. Kxf2 Nc5 32.
Ke3 Rd8 33. Rxb4 g6 34. Kd4 Ne6+ 35. Ke5 Nc5 36. Kd4 Ne6+ 37. Ke5 Nc5
1/2-1/2